The Legend of Zelda TOTK All Bosses - Statistics

General Stats
  • This quiz has been taken 201 times
  • The average score is 7 of 11
Answer Stats
Description Boss % Correct
The Demon King Ganondorf
87%
Scourge of the Wind Temple Colgera
86%
Scourge of the Lightning Temple Queen Gibdo
80%
Scourge of the Water Temple Mucktorok
75%
False Zelda Phantom Ganon
66%
Scourge of the Fire Temple Marbled Gohma
64%
Ambusher of Mipha Court Sludge Like
61%
The Demon King's Dragon Form Demon Dragon
59%
Clearly Not Himself Yunobo
59%
Scourge of the Spirit Temple Seized Construct
49%
On Top of Death Mountain Moragia
40%
No matching quizzes found
Score Distribution
Percent of People with Each Score
Percentile by Number Answered
Your Score History
You have not taken this quiz